India after Nehru (Record no. 25375)

MARC details
000 -LEADER
fixed length control field 00245nam a2200109Ia 4500
082 ## - DEWEY DECIMAL CLASSIFICATION NUMBER
Classification number 954
Item number KUL
100 ## - MAIN ENTRY--AUTHOR NAME
Personal name Kuldip Nayar
245 #0 - TITLE STATEMENT
Title India after Nehru
260 ## - PUBLICATION, DISTRIBUTION, ETC. (IMPRINT)
Place of publication Bombay
Name of publisher Vikas
942 ## - ADDED ENTRY ELEMENTS (KOHA)
Koha item type Books
Holdings
Withdrawn status Lost status Damaged status Not for loan Home library Current library Date acquired Cost, normal purchase price Full call number Accession Number Koha item type
        RRII Library RRII Library 16/12/2021 28.50 954 KUL 06033 Books